| 000 | 00640 a2200205 4500 | ||
|---|---|---|---|
| 005 | 20260311110829.0 | ||
| 008 | 260311b |||||||| |||| 00| 0 eng d | ||
| 037 | _cTB | ||
| 040 |
_aCRL _cCRL |
||
| 041 |
_2URD _aURD |
||
| 084 |
_aO164,1:g P3 _bCRL |
||
| 245 | _aAwarah gard ashar | ||
| 260 |
_aPatna, India: _bKhuda Bakhsh Oriental public library, _c2003. |
||
| 300 | _a44p. | ||
| 365 |
_b30.00 _cINT |
||
| 650 | _aPersian Literature | ||
| 650 | _aPersian Poetry | ||
| 942 |
_cTB _2CC _hO164,1:g P3 |
||
| 999 |
_c1465688 _d1465688 |
||